[Event "DEM U10 2024"]
[Site "Willingen GER"]
[Date "2024.05.19"]
[Round "1"]
[White "Link, Jonas Michael"]
[Black "Becker, Linus"]
[Result "0-1"]
[Termination "normal"]
[Board "17"]
[WhiteElo "1187"]
[BlackElo "1705"]
[WhiteClock "01:12:51"]
[BlackClock "01:28:00"]
[PlyCount "104"]
[WhiteFideId "533001839"]
[BlackFideId "34614958"]
[EventCountry "GER"]
[EventRounds "11"]
[EventType "swiss"]
[EventDate "2024.05.18"]

1. e4 {[%clk 01:15:59]} c5 {[%clk 01:15:54]} {[%emt 00:00:07]} 2. Nf3 {[%clk
01:16:24]} {[%emt 00:00:05]} Nc6 {[%clk 01:16:17]} {[%emt 00:00:07]} 3. Nc3
{[%clk 01:16:29]} {[%emt 00:00:24]} g6 {[%clk 01:16:42]} {[%emt 00:00:06]} 4.
d4 {[%clk 01:16:31]} {[%emt 00:00:28]} cxd4 {[%clk 01:17:04]} {[%emt 00:00:08]}
5. Nxd4 {[%clk 01:16:43]} {[%emt 00:00:17]} Bg7 {[%clk 01:17:25]} {[%emt
00:00:09]} 6. Ndb5 {[%clk 01:16:16]} {[%emt 00:00:58]} a6 {[%clk 01:17:37]}
{[%emt 00:00:18]} 7. Bf4 {[%clk 01:15:55]} {[%emt 00:00:51]} axb5 {[%clk
01:17:47]} {[%emt 00:00:20]} 8. Nxb5 {[%clk 01:16:11]} {[%emt 00:00:14]} d6
{[%clk 01:17:19]} {[%emt 00:00:58]} 9. Bxd6 {[%clk 01:15:30]} {[%emt 00:01:11]}
exd6 {[%clk 01:17:36]} {[%emt 00:00:13]} 10. Nxd6+ {[%clk 01:15:46]} {[%emt
00:00:13]} Ke7 {[%clk 01:17:19]} {[%emt 00:00:47]} 11. e5 {[%clk 01:12:48]}
{[%emt 00:03:29]} Qa5+ {[%clk 01:16:17]} {[%emt 00:01:31]} 12. c3 {[%clk
01:12:26]} {[%emt 00:00:53]} Qxe5+ {[%clk 01:16:40]} {[%emt 00:00:06]} 13. Qe2
{[%clk 01:12:03]} {[%emt 00:00:53]} Qxe2+ {[%clk 01:16:59]} {[%emt 00:00:11]}
14. Bxe2 {[%clk 01:12:21]} {[%emt 00:00:12]} Kxd6 {[%clk 01:17:23]} {[%emt
00:00:07]} 15. O-O-O+ {[%clk 01:12:26]} {[%emt 00:00:25]} Kc7 {[%clk 01:17:38]}
{[%emt 00:00:11]} 16. Bc4 {[%clk 01:11:51]} {[%emt 00:01:08]} Be6 {[%clk
01:17:42]} {[%emt 00:00:27]} 17. Bxe6 {[%emt 00:00:32]} fxe6 {[%emt 00:00:07]}
18. Kb1 {[%clk 01:10:46]} {[%emt 00:00:56]} Nge7 {[%clk 01:17:48]} {[%emt
00:00:23]} 19. Rd3 {[%clk 01:10:39]} {[%emt 00:00:37]} Rad8 {[%clk 01:18:05]}
{[%emt 00:00:14]} 20. Rhd1 {[%clk 01:10:17]} {[%emt 00:00:51]} Rxd3 {[%clk
01:18:22]} {[%emt 00:00:15]} 21. Rxd3 {[%clk 01:10:35]} {[%emt 00:00:11]} Rd8
{[%clk 01:18:48]} {[%emt 00:00:04]} 22. Rxd8 {[%clk 01:10:43]} {[%emt
00:00:22]} Kxd8 {[%clk 01:19:11]} {[%emt 00:00:07]} 23. f4 {[%clk 01:10:36]}
{[%emt 00:00:37]} e5 {[%clk 01:19:31]} {[%emt 00:00:10]} 24. fxe5 {[%clk
01:10:50]} {[%emt 00:00:16]} Bxe5 {[%clk 01:19:53]} {[%emt 00:00:09]} 25. h4
{[%clk 01:10:54]} {[%emt 00:00:25]} Nf5 {[%clk 01:20:14]} {[%emt 00:00:09]} 26.
g4 {[%clk 01:10:58]} {[%emt 00:00:26]} Nxh4 {[%clk 01:20:36]} {[%emt 00:00:07]}
27. a4 {[%clk 01:11:16]} {[%emt 00:00:13]} h5 {[%clk 01:21:00]} {[%emt
00:00:05]} 28. gxh5 {[%clk 01:11:21]} {[%emt 00:00:25]} gxh5 {[%clk 01:21:10]}
{[%emt 00:00:20]} 29. Kc2 {[%clk 01:11:24]} {[%emt 00:00:27]} Nf3 {[%clk
01:21:31]} {[%emt 00:00:09]} 30. Kd3 {[%clk 01:11:24]} {[%emt 00:00:31]} Bg3
{[%clk 01:21:24]} {[%emt 00:00:36]} 31. Ke3 {[%clk 01:11:35]} {[%emt 00:00:19]}
Nfe5 {[%clk 01:21:43]} {[%emt 00:00:12]} 32. Ke2 {[%clk 01:11:22]} {[%emt
00:00:43]} h4 {[%clk 01:22:05]} {[%emt 00:00:07]} 33. Kf1 {[%clk 01:11:38]}
{[%emt 00:00:14]} h3 {[%clk 01:22:27]} {[%emt 00:00:08]} 34. Kg1 {[%clk
01:11:47]} {[%emt 00:00:21]} h2+ {[%clk 01:22:33]} {[%emt 00:00:25]} 35. Kh1
{[%clk 01:12:01]} {[%emt 00:00:16]} Nd3 {[%clk 01:22:49]} {[%emt 00:00:13]} 36.
Kg2 {[%clk 01:11:36]} {[%emt 00:00:55]} Nf2 {[%clk 01:23:06]} {[%emt 00:00:13]}
37. Kxg3 {[%clk 01:11:50]} {[%emt 00:00:17]} h1=Q {[%clk 01:23:23]} {[%emt
00:00:13]} 38. Kxf2 {[%clk 01:12:09]} {[%emt 00:00:10]} Qh3 {[%clk 01:23:46]}
{[%emt 00:00:07]} 39. Ke2 {[%clk 01:12:09]} {[%emt 00:00:29]} Qh2+ {[%clk
01:24:04]} {[%emt 00:00:14]} 40. Kd3 {[%emt 00:00:37]} Qxb2 {[%clk 01:24:25]}
{[%emt 00:00:02]} 41. Kc4 {[%clk 01:12:18]} {[%emt 00:00:21]} Na5+ {[%clk
01:24:44]} {[%emt 00:00:11]} 42. Kd5 {[%clk 01:12:07]} {[%emt 00:00:40]} Qxc3
{[%clk 01:25:06]} {[%emt 00:00:09]} 43. Kd6 {[%clk 01:11:41]} {[%emt 00:00:54]}
Qd4+ {[%clk 01:25:12]} {[%emt 00:00:25]} 44. Ke6 {[%clk 01:11:56]} {[%emt
00:00:15]} Qc5 {[%clk 01:25:29]} {[%emt 00:00:13]} 45. Kf6 {[%clk 01:12:01]}
{[%emt 00:00:25]} Kd7 {[%clk 01:25:48]} {[%emt 00:00:09]} 46. Kg6 {[%clk
01:11:52]} {[%emt 00:00:42]} Qe5 {[%clk 01:26:01]} {[%emt 00:00:15]} 47. Kf7
{[%clk 01:12:05]} {[%emt 00:00:19]} Qe6 {[%clk 01:26:18]} {[%emt 00:00:12]} 48.
Kg7 {[%clk 01:12:32]} {[%emt 00:00:04]} Kd6 {[%clk 01:26:44]} {[%emt 00:00:04]}
49. Kh7 {[%clk 01:12:18]} {[%emt 00:00:43]} Qf6 {[%clk 01:26:58]} {[%emt
00:00:16]} 50. Kg8 {[%clk 01:12:33]} {[%emt 00:00:15]} Qe7 {[%clk 01:27:20]}
{[%emt 00:00:08]} 51. Kh8 {[%clk 01:12:50]} {[%emt 00:00:14]} Ke6 {[%clk
01:27:44]} {[%emt 00:00:06]} 52. Kg8 {[%clk 01:12:51]} {[%emt 00:00:28]} Kf6
{[%clk 01:28:00]} 0-1

[Event "DEM U10 2024"]
[Site "Willingen GER"]
[Date "2024.05.19"]
[Round "1"]
[White "Alloussi, Arian"]
[Black "El-Issa, Erik"]
[Result "1/2-1/2"]
[Termination "normal"]
[Board "18"]
[WhiteElo "1697"]
[BlackElo "1172"]
[WhiteClock "00:14:59"]
[BlackClock "00:48:05"]
[PlyCount "95"]
[WhiteFideId "34637788"]
[BlackFideId "533001782"]
[EventCountry "GER"]
[EventRounds "11"]
[EventType "swiss"]
[EventDate "2024.05.18"]

1. e4 {[%clk 01:15:58]} {[%emt 00:00:02]} e5 {[%clk 01:15:51]} {[%emt
00:00:09]} 2. Nf3 {[%clk 01:16:17]} {[%emt 00:00:12]} Nc6 {[%clk 01:16:13]}
{[%emt 00:00:08]} 3. Bc4 {[%clk 01:16:39]} {[%emt 00:00:08]} Bc5 {[%clk
01:16:33]} {[%emt 00:00:10]} 4. c3 {[%clk 01:17:02]} {[%emt 00:00:07]} d6
{[%clk 01:16:49]} {[%emt 00:00:14]} 5. d4 {[%clk 01:16:58]} {[%emt 00:00:34]}
Bb6 {[%clk 01:16:20]} {[%emt 00:00:58]} 6. dxe5 {[%clk 01:14:53]} {[%emt
00:02:36]} dxe5 {[%clk 01:14:20]} {[%emt 00:02:30]} 7. Qxd8+ {[%clk 01:15:00]}
{[%emt 00:00:23]} Nxd8 {[%clk 01:13:31]} {[%emt 00:01:20]} 8. Nxe5 {[%clk
01:13:43]} {[%emt 00:01:46]} Nf6 {[%clk 01:13:19]} {[%emt 00:00:42]} 9. Bg5
{[%clk 01:01:36]} {[%emt 00:12:36]} Be6 {[%clk 01:11:09]} {[%emt 00:02:41]} 10.
Bd3 {[%clk 00:59:01]} {[%emt 00:03:04]} Ng4 {[%clk 01:08:21]} {[%emt 00:03:18]}
11. Nxg4 {[%clk 00:57:38]} {[%emt 00:01:53]} Bxg4 {[%clk 01:08:03]} {[%emt
00:00:47]} 12. h3 {[%clk 00:56:54]} {[%emt 00:01:16]} Be6 {[%clk 01:07:25]}
{[%emt 00:01:06]} 13. a4 {[%clk 00:52:32]} {[%emt 00:04:54]} h6 {[%clk
01:05:37]} {[%emt 00:02:17]} 14. Bf4 {[%clk 00:52:22]} {[%emt 00:00:41]} Rc8
{[%clk 01:03:37]} {[%emt 00:02:30]} 15. b4 {[%clk 00:50:49]} {[%emt 00:02:03]}
c6 {[%clk 01:02:41]} {[%emt 00:01:25]} 16. Nd2 {[%clk 00:48:58]} {[%emt
00:02:21]} Bc7 {[%clk 01:01:49]} {[%emt 00:01:21]} 17. Be3 {[%clk 00:48:24]}
{[%emt 00:01:06]} Bb6 {[%clk 01:00:56]} {[%emt 00:01:23]} 18. Bxb6 {[%clk
00:47:09]} {[%emt 00:01:45]} axb6 {[%clk 01:00:59]} {[%emt 00:00:26]} 19. Ke2
{[%clk 00:47:01]} {[%emt 00:00:39]} O-O {[%clk 01:00:53]} {[%emt 00:00:37]} 20.
Nc4 {[%clk 00:43:26]} {[%emt 00:04:04]} Bxc4 {[%clk 00:57:54]} {[%emt
00:03:29]} 21. Bxc4 {[%clk 00:43:48]} {[%emt 00:00:08]} Re8 {[%clk 00:56:49]}
{[%emt 00:01:32]} 22. f3 {[%clk 00:43:27]} {[%emt 00:00:54]} Kf8 {[%clk
00:56:54]} {[%emt 00:00:25]} 23. Kf2 {[%clk 00:41:29]} {[%emt 00:02:27]} Re5
{[%clk 00:55:30]} {[%emt 00:01:54]} 24. Rae1 {[%clk 00:39:17]} {[%emt
00:02:42]} b5 {[%clk 00:55:07]} {[%emt 00:00:55]} 25. f4 {[%clk 00:39:12]}
{[%emt 00:00:34]} Re7 {[%clk 00:53:47]} {[%emt 00:01:50]} 26. axb5 {[%clk
00:35:25]} {[%emt 00:04:17]} cxb5 {[%clk 00:53:54]} {[%emt 00:00:23]} 27. Bxb5
{[%clk 00:35:47]} {[%emt 00:00:08]} Rxc3 {[%clk 00:53:24]} {[%emt 00:00:15]}
28. Re3 {[%clk 00:35:28]} {[%emt 00:01:34]} Rc2+ {[%clk 00:53:06]} {[%emt
00:00:48]} 29. Be2 {[%clk 00:35:49]} {[%emt 00:00:08]} Rb2 {[%clk 00:52:29]}
{[%emt 00:01:08]} 30. b5 {[%clk 00:36:01]} {[%emt 00:00:19]} Ne6 {[%clk
00:52:07]} {[%emt 00:00:51]} 31. f5 {[%clk 00:34:09]} {[%emt 00:02:22]} Nd4
{[%clk 00:52:11]} {[%emt 00:00:24]} 32. Rc1 {[%clk 00:33:02]} {[%emt 00:01:27]}
Nxb5 {[%clk 00:51:31]} {[%emt 00:01:22]} 33. Rd1 {[%clk 00:27:37]} {[%emt
00:05:54]} Ke8 {[%clk 00:49:33]} {[%emt 00:02:28]} 34. Kf3 {[%clk 00:27:09]}
{[%emt 00:00:59]} Rd7 {[%clk 00:49:15]} {[%emt 00:00:48]} 35. Bxb5 {[%clk
00:26:03]} {[%emt 00:01:35]} Rxb5 {[%clk 00:49:24]} {[%emt 00:00:21]} 36. Red3
{[%clk 00:25:25]} {[%emt 00:01:08]} Rxd3+ {[%clk 00:48:49]} {[%emt 00:01:06]}
37. Rxd3 {[%clk 00:25:50]} {[%emt 00:00:05]} Rb1 {[%clk 00:49:08]} {[%emt
00:00:10]} 38. e5 {[%clk 00:24:38]} {[%emt 00:01:43]} Ke7 {[%clk 00:48:50]}
{[%emt 00:00:48]} 39. Ke4 {[%clk 00:24:30]} {[%emt 00:00:37]} b5 {[%clk
00:49:10]} {[%emt 00:00:11]} 40. Kd5 {[%clk 00:23:38]} {[%emt 00:01:21]} b4
{[%clk 00:49:11]} {[%emt 00:00:30]} 41. Kc4 {[%clk 00:19:07]} {[%emt 00:05:01]}
Re1 {[%clk 00:49:01]} {[%emt 00:00:40]} 42. Rd5 {[%clk 00:18:06]} {[%emt
00:01:31]} Rf1 {[%clk 00:48:10]} {[%emt 00:01:19]} 43. g4 {[%clk 00:17:04]}
{[%emt 00:01:33]} b3 {[%clk 00:47:13]} {[%emt 00:01:27]} 44. Kxb3 {[%clk
00:17:01]} {[%emt 00:00:33]} Rf3+ {[%clk 00:47:36]} {[%emt 00:00:07]} 45. Kc4
{[%clk 00:16:54]} {[%emt 00:00:37]} Rxh3 {[%clk 00:48:02]} {[%emt 00:00:05]}
46. Rd4 {[%clk 00:16:26]} {[%emt 00:00:57]} h5 {[%clk 00:48:04]} {[%emt
00:00:28]} 47. Kd5 {[%clk 00:15:12]} {[%emt 00:01:44]} h4 {[%clk 00:48:05]}
{[%emt 00:00:28]} 48. Ke4 {[%clk 00:14:59]} {[%emt 00:00:44]} 1/2-1/2

[Event "DEM U10 2024"]
[Site "Willingen GER"]
[Date "2024.05.19"]
[Round "1"]
[White "Elli, Emeric"]
[Black "Zielke, Mika"]
[Result "0-1"]
[Termination "normal"]
[Board "19"]
[WhiteElo "1164"]
[BlackElo "1589"]
[WhiteClock "00:38:43"]
[BlackClock "00:35:29"]
[PlyCount "86"]
[WhiteFideId "533001790"]
[BlackFideId "34661816"]
[EventCountry "GER"]
[EventRounds "11"]
[EventType "swiss"]
[EventDate "2024.05.18"]

1. e4 {[%clk 01:15:58]} {[%emt 00:00:02]} e5 {[%clk 01:15:44]} {[%emt
00:00:16]} 2. Nf3 {[%clk 01:16:07]} {[%emt 00:00:21]} Nc6 {[%clk 01:15:51]}
{[%emt 00:00:24]} 3. Bc4 {[%clk 01:15:48]} {[%emt 00:00:49]} Nf6 {[%clk
01:15:24]} {[%emt 00:00:57]} 4. d3 {[%clk 01:14:58]} {[%emt 00:01:20]} Bc5
{[%clk 01:14:50]} {[%emt 00:01:04]} 5. Nc3 {[%clk 01:14:51]} {[%emt 00:00:37]}
h6 {[%clk 01:13:58]} {[%emt 00:01:22]} 6. a3 {[%clk 01:13:20]} {[%emt
00:02:01]} a6 {[%clk 01:13:11]} {[%emt 00:01:17]} 7. Nh4 {[%clk 01:12:49]}
{[%emt 00:00:59]} d6 {[%clk 01:09:12]} {[%emt 00:04:31]} 8. b4 {[%clk
01:08:18]} {[%emt 00:04:57]} Bd4 {[%clk 01:05:05]} {[%emt 00:04:40]} 9. Bb2
{[%clk 01:03:38]} {[%emt 00:05:10]} Ng4 {[%clk 00:48:24]} {[%emt 00:17:11]} 10.
Qf3 {[%clk 01:01:59]} {[%emt 00:02:10]} Qxh4 {[%clk 00:43:46]} {[%emt
00:05:08]} 11. Qxf7+ {[%clk 01:00:48]} {[%emt 00:01:39]} Kd8 {[%clk 00:42:46]}
{[%emt 00:01:28]} 12. Nd1 {[%clk 00:54:57]} {[%emt 00:06:25]} Qf6 {[%clk
00:40:09]} {[%emt 00:03:05]} 13. Qxf6+ {[%clk 00:52:24]} {[%emt 00:03:05]} Nxf6
{[%clk 00:40:09]} {[%emt 00:00:29]} 14. c3 {[%clk 00:52:39]} {[%emt 00:00:14]}
Ba7 {[%clk 00:40:09]} {[%emt 00:00:31]} 15. O-O {[%clk 00:52:57]} {[%emt
00:00:13]} Rf8 {[%clk 00:39:35]} {[%emt 00:01:02]} 16. Ne3 {[%clk 00:51:53]}
{[%emt 00:01:34]} Ng4 {[%clk 00:39:20]} {[%emt 00:00:47]} 17. Nxg4 {[%clk
00:51:47]} {[%emt 00:00:36]} Bxg4 {[%clk 00:39:21]} {[%emt 00:00:29]} 18. Bc1
{[%clk 00:49:02]} {[%emt 00:03:15]} Ke7 {[%clk 00:37:52]} {[%emt 00:01:57]} 19.
Be3 {[%clk 00:48:57]} {[%emt 00:00:36]} Bxe3 {[%clk 00:37:07]} {[%emt
00:01:15]} 20. fxe3 {[%clk 00:49:01]} {[%emt 00:00:26]} Be6 {[%clk 00:35:37]}
{[%emt 00:01:59]} 21. Rxf8 {[%clk 00:48:03]} {[%emt 00:01:29]} Rxf8 {[%clk
00:35:35]} {[%emt 00:00:32]} 22. Rf1 {[%clk 00:47:56]} {[%emt 00:00:35]} Rxf1+
{[%clk 00:35:48]} {[%emt 00:00:19]} 23. Kxf1 {[%clk 00:48:20]} {[%emt
00:00:07]} Bxc4 {[%clk 00:36:00]} {[%emt 00:00:18]} 24. dxc4 {[%clk 00:48:33]}
{[%emt 00:00:16]} Nd8 {[%clk 00:36:12]} {[%emt 00:00:19]} 25. h4 {[%clk
00:48:28]} {[%emt 00:00:33]} Ne6 {[%clk 00:36:24]} {[%emt 00:00:20]} 26. g3
{[%clk 00:48:04]} {[%emt 00:00:54]} g5 {[%clk 00:35:46]} {[%emt 00:01:07]} 27.
Kf2 {[%clk 00:46:44]} {[%emt 00:01:50]} g4 {[%clk 00:35:46]} {[%emt 00:00:31]}
28. Ke2 {[%clk 00:46:07]} {[%emt 00:01:06]} Ng7 {[%clk 00:35:35]} {[%emt
00:00:41]} 29. c5 {[%clk 00:46:01]} {[%emt 00:00:36]} dxc5 {[%clk 00:35:37]}
{[%emt 00:00:28]} 30. bxc5 {[%clk 00:46:23]} {[%emt 00:00:09]} Ne6 {[%clk
00:35:58]} {[%emt 00:00:08]} 31. c4 {[%clk 00:46:14]} {[%emt 00:00:40]} Nxc5
{[%clk 00:36:13]} {[%emt 00:00:15]} 32. Kf2 {[%clk 00:45:45]} {[%emt 00:00:59]}
Nxe4+ {[%clk 00:36:23]} {[%emt 00:00:20]} 33. Kg2 {[%clk 00:45:47]} {[%emt
00:00:28]} b5 {[%clk 00:36:32]} {[%emt 00:00:21]} 34. cxb5 {[%clk 00:45:29]}
{[%emt 00:00:48]} axb5 {[%clk 00:35:13]} {[%emt 00:01:49]} 35. Kh2 {[%clk
00:45:28]} {[%emt 00:00:27]} c5 {[%clk 00:35:23]} {[%emt 00:00:24]} 36. h5
{[%clk 00:44:07]} {[%emt 00:01:51]} c4 {[%clk 00:35:42]} {[%emt 00:00:11]} 37.
Kg2 {[%clk 00:43:53]} {[%emt 00:00:44]} c3 {[%clk 00:36:00]} {[%emt 00:00:12]}
38. Kf1 {[%clk 00:42:04]} {[%emt 00:02:19]} c2 {[%clk 00:35:04]} {[%emt
00:01:26]} 39. Kg1 {[%clk 00:38:16]} {[%emt 00:04:17]} c1=Q+ {[%clk 00:35:09]}
{[%emt 00:00:24]} 40. Kg2 {[%clk 00:38:19]} {[%emt 00:00:27]} Qd2+ {[%clk
00:35:27]} {[%emt 00:00:13]} 41. Kh1 {[%clk 00:38:24]} {[%emt 00:00:26]} Qe1+
{[%clk 00:35:27]} {[%emt 00:00:29]} 42. Kg2 {[%clk 00:38:20]} {[%emt 00:00:34]}
Qf2+ {[%clk 00:35:37]} {[%emt 00:00:19]} 43. Kh1 {[%clk 00:38:43]} {[%emt
00:00:08]} Nxg3# {[%clk 00:35:29]} {[%emt 00:00:07]} 0-1

[Event "DEM U10 2024"]
[Site "Willingen GER"]
[Date "2024.05.19"]
[Round "1"]
[White "Grimm, Jakob"]
[Black "Nikolic, Luka"]
[Result "0-1"]
[Termination "normal"]
[Board "20"]
[WhiteElo "1681"]
[BlackElo "1145"]
[WhiteClock "00:34:56"]
[BlackClock "00:36:41"]
[PlyCount "94"]
[WhiteFideId "34635645"]
[BlackFideId "34655123"]
[EventCountry "GER"]
[EventRounds "11"]
[EventType "swiss"]
[EventDate "2024.05.18"]

1. e4 {[%clk 01:15:58]} {[%emt 00:00:01]} c6 {[%clk 01:15:59]} {[%emt
00:00:01]} 2. Nf3 {[%clk 01:16:18]} {[%emt 00:00:11]} d5 {[%clk 01:16:24]}
{[%emt 00:00:05]} 3. Nc3 {[%clk 01:16:42]} {[%emt 00:00:05]} dxe4 {[%clk
01:15:59]} {[%emt 00:00:56]} 4. Nxe4 {[%clk 01:17:04]} {[%emt 00:00:07]} Bf5
{[%clk 01:16:27]} {[%emt 00:00:02]} 5. Ng3 {[%clk 01:16:45]} {[%emt 00:00:49]}
Bg6 {[%clk 01:16:45]} {[%emt 00:00:11]} 6. h4 {[%clk 01:17:04]} {[%emt
00:00:12]} h6 {[%clk 01:16:31]} {[%emt 00:00:43]} 7. h5 {[%clk 01:13:10]}
{[%emt 00:04:25]} Bh7 {[%clk 01:16:53]} {[%emt 00:00:08]} 8. d4 {[%clk
01:13:35]} {[%emt 00:00:06]} c5 {[%clk 01:14:40]} {[%emt 00:02:43]} 9. Bb5+
{[%clk 01:13:19]} {[%emt 00:00:46]} Nc6 {[%clk 01:13:37]} {[%emt 00:01:33]} 10.
Ne5 {[%clk 01:11:26]} {[%emt 00:02:23]} Qa5+ {[%clk 01:13:43]} {[%emt
00:00:24]} 11. c3 {[%clk 01:08:09]} {[%emt 00:03:47]} Qxb5 {[%clk 01:13:43]}
{[%emt 00:00:31]} 12. a4 {[%clk 01:07:34]} {[%emt 00:01:05]} Qb6 {[%clk
01:13:23]} {[%emt 00:00:49]} 13. dxc5 {[%clk 01:07:21]} {[%emt 00:00:43]} Qd8
{[%clk 01:13:01]} {[%emt 00:00:53]} 14. Nxc6 {[%clk 01:07:23]} {[%emt
00:00:27]} Qxd1+ {[%clk 01:12:38]} {[%emt 00:00:53]} 15. Kxd1 {[%clk 01:07:46]}
{[%emt 00:00:08]} bxc6 {[%clk 01:13:02]} {[%emt 00:00:06]} 16. b4 {[%clk
01:08:02]} {[%emt 00:00:14]} e6 {[%clk 01:13:08]} {[%emt 00:00:23]} 17. Be3
{[%clk 01:08:22]} {[%emt 00:00:10]} Rd8+ {[%clk 01:12:54]} {[%emt 00:00:44]}
18. Ke2 {[%clk 01:08:29]} {[%emt 00:00:23]} Bd3+ {[%clk 01:13:19]} {[%emt
00:00:06]} 19. Kf3 {[%clk 01:07:41]} {[%emt 00:01:17]} Be7 {[%clk 01:12:39]}
{[%emt 00:01:10]} 20. Ne2 {[%clk 01:08:03]} {[%emt 00:00:09]} Nf6 {[%clk
01:11:31]} {[%emt 00:01:38]} 21. Nd4 {[%clk 01:06:11]} {[%emt 00:02:22]} O-O
{[%clk 01:11:17]} {[%emt 00:00:42]} 22. Rhd1 {[%clk 01:04:11]} {[%emt
00:02:31]} e5 {[%clk 01:10:33]} {[%emt 00:01:14]} 23. Rxd3 {[%clk 01:02:10]}
{[%emt 00:02:31]} e4+ {[%clk 01:09:55]} {[%emt 00:01:08]} 24. Kg3 {[%clk
01:01:10]} {[%emt 00:01:31]} exd3 {[%clk 01:09:53]} {[%emt 00:00:31]} 25. Nxc6
{[%clk 01:01:29]} {[%emt 00:00:12]} Rd7 {[%clk 01:10:03]} {[%emt 00:00:20]} 26.
f3 {[%clk 00:58:46]} {[%emt 00:03:13]} Nxh5+ {[%clk 01:07:33]} {[%emt
00:02:59]} 27. Kh2 {[%clk 00:59:02]} {[%emt 00:00:14]} Rc8 {[%clk 01:07:15]}
{[%emt 00:00:48]} 28. b5 {[%clk 00:57:12]} {[%emt 00:02:21]} Nf6 {[%clk
00:56:42]} {[%emt 00:11:02]} 29. c4 {[%clk 00:55:48]} {[%emt 00:01:54]} a6
{[%clk 00:54:59]} {[%emt 00:02:13]} 30. Ne5 {[%clk 00:53:10]} {[%emt 00:03:09]}
Rdd8 {[%clk 00:52:02]} {[%emt 00:03:27]} 31. c6 {[%clk 00:51:56]} {[%emt
00:01:43]} Bd6 {[%clk 00:51:15]} {[%emt 00:01:17]} 32. Bf4 {[%clk 00:50:20]}
{[%emt 00:02:06]} g5 {[%clk 00:50:18]} {[%emt 00:01:27]} 33. Bg3 {[%clk
00:49:03]} {[%emt 00:01:47]} Nh5 {[%clk 00:49:17]} {[%emt 00:01:32]} 34. c5
{[%clk 00:47:12]} {[%emt 00:02:21]} Bxc5 {[%clk 00:47:04]} {[%emt 00:02:42]}
35. Nd7 {[%clk 00:46:28]} {[%emt 00:01:15]} Be3 {[%clk 00:43:47]} {[%emt
00:03:47]} 36. Bd6 {[%clk 00:42:27]} {[%emt 00:04:30]} axb5 {[%clk 00:41:30]}
{[%emt 00:02:47]} 37. axb5 {[%clk 00:40:32]} {[%emt 00:02:25]} Rxd7 {[%clk
00:41:27]} {[%emt 00:00:34]} 38. cxd7 {[%clk 00:40:12]} {[%emt 00:00:49]} Rd8
{[%clk 00:40:35]} {[%emt 00:01:22]} 39. Bc7 {[%clk 00:39:32]} {[%emt 00:01:10]}
Rxd7 {[%clk 00:40:10]} {[%emt 00:00:55]} 40. b6 {[%clk 00:39:48]} {[%emt
00:00:14]} Bf4+ {[%clk 00:37:41]} {[%emt 00:03:00]} 41. Bxf4 {[%clk 00:40:01]}
{[%emt 00:00:17]} Nxf4 {[%clk 00:37:56]} {[%emt 00:00:15]} 42. Ra7 {[%clk
00:38:01]} {[%emt 00:02:30]} Rd8 {[%emt 00:01:13]} 43. Ra1 {[%clk 00:37:51]} d2
{[%clk 00:37:06]} {[%emt 00:01:16]} 44. b7 {[%clk 00:36:12]} {[%emt 00:02:09]}
Kg7 {[%clk 00:36:17]} {[%emt 00:01:18]} 45. Rd1 {[%clk 00:34:31]} {[%emt
00:02:11]} Rb8 {[%clk 00:36:08]} {[%emt 00:00:40]} 46. Rxd2 {[%clk 00:34:37]}
{[%emt 00:00:24]} Rxb7 {[%clk 00:36:30]} {[%emt 00:00:08]} 47. g3 {[%clk
00:34:56]} {[%emt 00:00:11]} Ng6 {[%clk 00:36:41]} {[%emt 00:00:19]} 0-1

[Event "DEM U10 2024"]
[Site "Willingen GER"]
[Date "2024.05.19"]
[Round "1"]
[White "Löffelholz, Jonas"]
[Black "Braren, Ove Neelis"]
[Result "1/2-1/2"]
[Termination "normal"]
[Board "21"]
[WhiteElo "1126"]
[BlackElo "1672"]
[WhiteClock "00:28:02"]
[BlackClock "00:14:16"]
[PlyCount "48"]
[WhiteFideId "34616101"]
[BlackFideId "34663770"]
[EventCountry "GER"]
[EventRounds "11"]
[EventType "swiss"]
[EventDate "2024.05.18"]

1. Nf3 {[%clk 01:15:58]} {[%emt 00:00:02]} d5 {[%clk 01:15:54]} {[%emt
00:00:07]} 2. e3 {[%clk 01:16:22]} {[%emt 00:00:06]} c5 {[%clk 01:14:50]}
{[%emt 00:01:34]} 3. c4 {[%clk 01:16:45]} {[%emt 00:00:08]} e6 {[%clk
01:11:51]} {[%emt 00:03:29]} 4. b3 {[%clk 01:16:59]} {[%emt 00:00:15]} Nc6
{[%clk 01:11:16]} {[%emt 00:01:04]} 5. Bb2 {[%clk 01:16:23]} {[%emt 00:01:06]}
d4 {[%clk 01:06:31]} {[%emt 00:05:17]} 6. Qc2 {[%clk 01:16:05]} {[%emt
00:00:47]} Nb4 {[%clk 01:01:36]} {[%emt 00:05:24]} 7. Qd1 {[%clk 01:13:24]}
{[%emt 00:02:58]} d3 {[%clk 01:01:38]} {[%emt 00:00:42]} 8. Na3 {[%clk
01:11:26]} {[%emt 00:02:28]} f6 {[%clk 00:46:22]} {[%emt 00:15:46]} 9. Bc3
{[%clk 01:09:36]} {[%emt 00:02:20]} e5 {[%clk 00:42:45]} {[%emt 00:04:07]} 10.
Nxe5 {[%clk 01:07:51]} {[%emt 00:02:15]} fxe5 {[%clk 00:39:43]} {[%emt
00:03:32]} 11. Qh5+ {[%clk 01:08:09]} {[%emt 00:00:11]} Kd7 {[%clk 00:37:42]}
{[%emt 00:02:30]} 12. Qxe5 {[%clk 01:04:38]} {[%emt 00:04:02]} Kc6 {[%clk
00:34:34]} {[%emt 00:03:38]} 13. Bxb4 {[%clk 01:01:43]} {[%emt 00:03:26]} cxb4
{[%clk 00:33:36]} {[%emt 00:01:27]} 14. Qe4+ {[%clk 00:59:03]} {[%emt
00:03:06]} Kd7 {[%clk 00:26:44]} {[%emt 00:07:26]} 15. Nb5 {[%clk 00:55:31]}
{[%emt 00:04:02]} Nf6 {[%clk 00:23:25]} {[%emt 00:03:48]} 16. Qe5 {[%clk
00:46:15]} {[%emt 00:09:32]} a6 {[%clk 00:21:27]} {[%emt 00:02:43]} 17. Nd4
{[%clk 00:38:41]} {[%emt 00:07:59]} Bd6 {[%clk 00:20:20]} {[%emt 00:01:29]} 18.
Qe6+ {[%clk 00:35:36]} {[%emt 00:03:42]} Kc7 {[%clk 00:20:36]} {[%emt
00:00:20]} 19. c5 {[%clk 00:31:45]} {[%emt 00:04:21]} Bf8 {[%clk 00:13:52]}
{[%emt 00:07:14]} 20. Qb6+ {[%clk 00:31:10]} {[%emt 00:00:57]} Kd7 {[%clk
00:12:57]} {[%emt 00:01:34]} 21. Qe6+ {[%clk 00:29:43]} {[%emt 00:01:55]} Kc7
{[%clk 00:13:13]} {[%emt 00:00:15]} 22. Qb6+ {[%clk 00:27:24]} {[%emt
00:02:46]} Kd7 {[%clk 00:13:37]} {[%emt 00:00:09]} 23. Qe6+ {[%clk 00:27:46]}
{[%emt 00:00:06]} Kc7 {[%clk 00:13:55]} {[%emt 00:00:14]} 24. Qb6+ {[%clk
00:28:02]} {[%emt 00:00:15]} Kd7 {[%clk 00:14:16]} {[%emt 00:00:08]} 1/2-1/2